[Event "BRA-ch U18"]
[Site "Florianopolis"]
[Date "2021.07.01"]
[Round "1"]
[White "Martins, Henrique Da Cunha"]
[Black "Tomiello, Mateus Costamilan"]
[Result "0-1"]
[WhiteElo "1568"]
[BlackElo "2076"]
[PlyCount "50"]
[EventDate "2021.07.01"]
[EventType "swiss"]
[EventRounds "6"]
[EventCountry "BRA"]
[SourceTitle "CBM 203 Extra"]
[Source "ChessBase"]
[SourceDate "2021.09.30"]
[SourceVersion "1"]
[SourceVersionDate "2021.09.30"]
[SourceQuality "1"]

1. Nf3 d5 2. c4 c6 3. b3 Nf6 4. g3 Bg4 5. Bg2 e6 6. Bb2 Nbd7 7. 0-0 Bd6 8. d4 0-0 9. Nc3 a6 10. Re1 b5 11. a3 bxc4 12. bxc4 Bxf3 13. Bxf3 Nb6 14. c5 Nc4 15. Bc1 Bc7 16. e4 Ba5 17. Qd3 Rb8 18. e5 Rb3 19. exf6 Rxc3 20. Qe2 Qxf6 21. Be3 Rxe3 22. fxe3 Bxe1 23. Rxe1 Rb8 24. Rf1 Rb2 25. Qd3 Qh6 0-1

[Event "Florianopolis op 7th"]
[Site "Florianopolis"]
[Date "2021.01.23"]
[Round "8"]
[White "Bail, Ellen Larissa"]
[Black "Martins, Henrique Da Cunha"]
[Result "1-0"]
[WhiteElo "1848"]
[BlackElo "1476"]
[PlyCount "89"]
[EventDate "2021.01.18"]
[EventType "swiss"]
[EventRounds "10"]
[EventCountry "BRA"]
[SourceTitle "CBM 200 Extra"]
[Source "ChessBase"]
[SourceDate "2021.03.31"]
[SourceVersion "1"]
[SourceVersionDate "2021.03.31"]
[SourceQuality "1"]

1. d4 d5 2. c4 c6 3. Nc3 Nf6 4. e3 e6 5. Nf3 Nbd7 6. Qc2 Bd6 7. b3 0-0 8. Be2 Re8 9. 0-0 Qe7 10. Bb2 e5 11. dxe5 Nxe5 12. cxd5 cxd5 13. Rfd1 Bd7 14. Nxd5 Nxd5 15. Rxd5 Nxf3+ 16. Bxf3 Bc6 17. Rh5 g6 18. Bxc6 bxc6 19. Qc3 f6 20. Qc4+ Kg7 21. Rh4 c5 22. Rc1 Rab8 23. Qc2 h5 24. Rc4 Rbc8 25. b4 Red8 26. bxc5 Bxc5 27. Bxf6+ Kxf6 28. Qc3+ Kf7 29. g4 hxg4 30. Rxc5 Rxc5 31. Qxc5 Rd1+ 32. Kg2 Qe4+ 33. Kg3 Qf3+ 34. Kh4 Qh3+ 35. Kg5 Qh5+ 36. Kf4 g5+ 37. Ke5 Qh8+ 38. Kf5 Qf6+ 39. Kxg4 Qe6+ 40. Kg3 Rd5 41. Qxa7+ Kg6 42. Qc7 Rd6 43. Rc5 g4 44. a4 Kh6 45. Qc8 1-0

[Event "Florianopolis op 7th"]
[Site "Florianopolis"]
[Date "2021.01.23"]
[Round "9"]
[White "Martins, Henrique Da Cunha"]
[Black "Nunes, Agatha Hurba"]
[Result "1-0"]
[WhiteElo "1476"]
[BlackElo "1817"]
[PlyCount "36"]
[EventDate "2021.01.18"]
[EventType "swiss"]
[EventRounds "10"]
[EventCountry "BRA"]
[SourceTitle "CBM 200 Extra"]
[Source "ChessBase"]
[SourceDate "2021.03.31"]
[SourceVersion "1"]
[SourceVersionDate "2021.03.31"]
[SourceQuality "1"]

1. e4 e6 2. d4 d5 3. Nd2 Nf6 4. e5 Nfd7 5. Bd3 c5 6. c3 Nc6 7. Ne2 cxd4 8. cxd4 Be7 9. 0-0 Qb6 10. Nf3 f6 11. exf6 Nxf6 12. b3 Bd7 13. Bd2 0-0-0 14. Re1 Bb4 15. Nc3 Bxc3 16. Bxc3 a6 17. b4 e5 18. dxe5 Nxe5 1-0

[Event "Florianopolis op 7th"]
[Site "Florianopolis"]
[Date "2021.01.22"]
[Round "7"]
[White "Reinaldo Dos Santos, Julio"]
[Black "Martins, Henrique Da Cunha"]
[Result "0-1"]
[WhiteElo "1806"]
[BlackElo "1476"]
[PlyCount "66"]
[EventDate "2021.01.18"]
[EventType "swiss"]
[EventRounds "10"]
[EventCountry "BRA"]
[SourceTitle "CBM 200 Extra"]
[Source "ChessBase"]
[SourceDate "2021.03.31"]
[SourceVersion "1"]
[SourceVersionDate "2021.03.31"]
[SourceQuality "1"]

1. d4 d5 2. c4 c6 3. Nf3 Nf6 4. Nc3 dxc4 5. a4 Bf5 6. e3 e6 7. Bxc4 Be7 8. 0-0 Nbd7 9. Qe2 Bg4 10. Rd1 Qc7 11. h3 Bh5 12. e4 0-0 13. Bg5 Rfe8 14. Rac1 Qa5 15. Bd2 Bb4 16. g4 Bg6 17. g5 Nh5 18. Nh4 Qc7 19. Nxg6 hxg6 20. e5 Nb6 21. Bb3 Qe7 22. Ne4 Rad8 23. a5 Nd5 24. Bxd5 Bxd2 25. Qxd2 exd5 26. Nd6 Rf8 27. f4 f6 28. Rf1 fxg5 29. fxg5 Nf4 30. h4 Rxd6 31. exd6 Ne2+ 32. Kg2 Qe4+ 33. Kh3 Rf3+ 0-1

[Event "Florianopolis op 7th"]
[Site "Florianopolis"]
[Date "2021.01.20"]
[Round "4"]
[White "Martins, Henrique Da Cunha"]
[Black "Zimmermann, Kleber Renato P"]
[Result "0-1"]
[WhiteElo "1476"]
[BlackElo "1967"]
[PlyCount "65"]
[EventDate "2021.01.18"]
[EventType "swiss"]
[EventRounds "10"]
[EventCountry "BRA"]
[SourceTitle "CBM 200 Extra"]
[Source "ChessBase"]
[SourceDate "2021.03.31"]
[SourceVersion "1"]
[SourceVersionDate "2021.03.31"]
[SourceQuality "1"]

1. e4 c5 2. Nf3 d6 3. d4 cxd4 4. Nxd4 Nf6 5. Nc3 a6 6. Be2 e5 7. Nb3 Be6 8. 0-0 Nbd7 9. f4 Rc8 10. f5 Bc4 11. g4 h6 12. Be3 Be7 13. Nd2 Bxe2 14. Qxe2 b5 15. a4 b4 16. Na2 a5 17. c3 d5 18. Qf3 bxc3 19. bxc3 dxe4 20. Nxe4 Nxe4 21. Qxe4 Qc7 22. Qf3 Nf6 23. c4 Qc6 24. Qg3 Qe4 25. h3 Rxc4 26. Rac1 0-0 27. Nc3 Qc6 28. Qxe5 Bd6 29. Qb5 Rc8 30. Qxc6 R8xc6 31. Ne2 Nd5 32. Bf2 Rxc1 33. Kg2 0-1

[Event "Sao Bento do Sul op 10"]
[Site "Sao Bento do Sul"]
[Date "2018.10.21"]
[Round "7"]
[White "Martins, Henrique Da Cunha"]
[Black "Warginowski, Leticia"]
[Result "1-0"]
[WhiteElo "1543"]
[BlackElo "1235"]
[PlyCount "53"]
[EventDate "2018.10.19"]
[EventType "swiss"]
[EventRounds "7"]
[EventCountry "BRA"]
[SourceTitle "EXT 2021"]
[Source "ChessBase"]
[SourceDate "2020.10.23"]
[SourceVersion "1"]
[SourceVersionDate "2020.10.23"]
[SourceQuality "1"]

1. e4 d5 2. exd5 Nf6 3. d4 Nxd5 4. Nf3 Nc6 5. Bb5 Bd7 6. Bg5 a6 7. Bxc6 Bxc6 8. 0-0 h6 9. Bh4 Qd6 10. c4 Nf6 11. d5 Bd7 12. Qd4 e5 13. Qd3 b5 14. b3 g6 15. Nc3 b4 16. Bg3 Qb6 17. Ne4 Bg7 18. d6 Bf5 19. Nxf6+ Bxf6 20. Qe3 Be6 21. Bxe5 Bxe5 22. Qxe5 0-0 23. dxc7 Rac8 24. Qf4 Kh7 25. Qh4 Kg7 26. Rad1 Qxc7 27. Rfe1 1-0

[Event "Sao Bento do Sul op 10"]
[Site "Sao Bento do Sul"]
[Date "2018.10.20"]
[Round "5"]
[White "Martins, Henrique Da Cunha"]
[Black "Jaruga, Rodolfo Brandao De"]
[Result "0-1"]
[WhiteElo "1543"]
[BlackElo "1579"]
[PlyCount "76"]
[EventDate "2018.10.19"]
[EventType "swiss"]
[EventRounds "7"]
[EventCountry "BRA"]
[SourceTitle "EXT 2021"]
[Source "ChessBase"]
[SourceDate "2020.10.23"]
[SourceVersion "1"]
[SourceVersionDate "2020.10.23"]
[SourceQuality "1"]

1. e4 c5 2. Nf3 d6 3. d4 cxd4 4. Nxd4 Nf6 5. Nc3 a6 6. Be3 e6 7. f3 b5 8. Qd2 b4 9. Nce2 Qc7 10. Ng3 d5 11. Bd3 Bb7 12. 0-0 Bd6 13. Nde2 h5 14. Bf4 Qb6+ 15. Be3 Bc5 16. Bxc5 Qxc5+ 17. Rf2 h4 18. Nf1 dxe4 19. fxe4 Ng4 20. Qf4 Qxf2+ 21. Qxf2 Nxf2 22. Kxf2 Nd7 23. h3 Ne5 24. Ke3 Ke7 25. a3 a5 26. Nd2 Nxd3 27. Kxd3 f5 28. exf5 exf5 29. Nf4 Kf6 30. c3 g5 31. Ne2 Bxg2 32. Nd4 bxc3 33. bxc3 Bxh3 34. Rh1 Bg2 35. Rh2 h3 36. Ne2 Rad8+ 37. Kc2 g4 38. Nf4 g3 0-1

[Event "BRA-ch U14"]
[Site "Florianopolis"]
[Date "2018.05.01"]
[Round "6"]
[White "Funayama S A, Yuri"]
[Black "Martins, Henrique Da Cunha"]
[Result "0-1"]
[WhiteElo "1504"]
[BlackElo "1800"]
[PlyCount "70"]
[EventDate "2018.04.28"]
[EventType "swiss"]
[EventRounds "6"]
[EventCountry "BRA"]
[SourceTitle "EXT 2021"]
[Source "ChessBase"]
[SourceDate "2020.10.23"]
[SourceVersion "1"]
[SourceVersionDate "2020.10.23"]
[SourceQuality "1"]

1. d4 d5 2. Nf3 Nf6 3. Bf4 e6 4. e3 c5 5. c3 b6 6. Nbd2 Bb7 7. Bxb8 Rxb8 8. Qa4+ Nd7 9. Qxa7 Bc6 10. Qa6 c4 11. Nxc4 Ra8 12. Nd6+ Bxd6 13. Qd3 0-0 14. h4 e5 15. dxe5 Nxe5 16. Qc2 Nxf3+ 17. gxf3 d4 18. Rh3 dxe3 19. fxe3 Bd7 20. Rh1 Bg3+ 21. Ke2 Bb5+ 22. c4 Rc8 23. b3 Qf6 24. Bh3 Bc6 25. Raf1 Rcd8 26. Bg4 Rd6 27. Rh3 Be5 28. f4 Bc3 29. Rd1 Rfd8 30. Rxd6 Rxd6 31. Kf1 Rd2 32. Qb1 Bg2+ 33. Kg1 Bxh3 34. Bxh3 Qg6+ 35. Qxg6 hxg6 0-1

[Event "BRA-ch U14"]
[Site "Florianopolis"]
[Date "2018.04.28"]
[Round "1"]
[White "Martins, Henrique Da Cunha"]
[Black "Woichinevski, Joao Vinicius Peruc"]
[Result "1-0"]
[WhiteElo "1800"]
[BlackElo "1566"]
[PlyCount "59"]
[EventDate "2018.04.28"]
[EventType "swiss"]
[EventRounds "6"]
[EventCountry "BRA"]
[SourceTitle "EXT 2021"]
[Source "ChessBase"]
[SourceDate "2020.10.23"]
[SourceVersion "1"]
[SourceVersionDate "2020.10.23"]
[SourceQuality "1"]

1. e4 e5 2. Nf3 Nc6 3. Bc4 Nf6 4. d3 Bc5 5. c3 d6 6. Be3 Bxe3 7. fxe3 Be6 8. Nbd2 0-0 9. 0-0 Qe7 10. Qe2 Rfe8 11. Rae1 Qd7 12. Nh4 Ne7 13. Qf2 Ng6 14. Nf5 h5 15. h3 c6 16. Nxg7 Kxg7 17. Qxf6+ Kg8 18. Qg5 h4 19. Rf6 Bxc4 20. Nxc4 Re6 21. Ref1 Rf8 22. Rxe6 Qxe6 23. Rf6 Qd7 24. Rxd6 Qc7 25. Qf6 Re8 26. Qf5 Re7 27. Rf6 Kg7 28. Nd6 Nf8 29. Qg5+ Ng6 30. Nf5+ 1-0